|
|
|
แสดงรายละเอียดบรรณานุกรม |
|
|
Brief Record
: Get Marc (ISO 2709)
: E-mail record
: |
|
|
| LEADER 01174nam 2200277 a 4500 | |||
| 001 13399140807 | |||
| 003 ULIBM | |||
| 008 030417s|||| caua sb 001 0 eng | |||
| 020 ^a974-534-820-1 | |||
| 099 ^aCM-0011 | |||
| 100 ^aกิติพงศ์ พลจันทร์ | |||
| 245 ^aก่อสร้างอาคารบรรยายพร้อมภาพ | |||
| 260 ^a2548 | |||
| 913 ^aImported by ULIBM Administrator | |||
| 949 ^aImport form external file by ULIBM system | |||
| คุณยังไม่ได้ล็อกอิน คุณสามารถมีกิจกรรมร่วมกับเว็บไซต์ได้ แต่ต้องล็อกอินก่อน :: |
|
| สถานะ | |||||||||
| 1. | วารสารเย็บเล่ม | CM-0011 Barcode: 131023 | ►หนังสือทั่วไป | ถูกยืม กำหนดส่งวันที่ จอง | |||||
| [แสดง 1/1 รายการ] | |||||||||
| รายการใกล้เคียง ชื่อเรื่อง [ก่อสร้างอาคารบรรยายพร้อมภาพ] ผู้แต่ง [กิติพงศ์ พลจันทร์] |
BibComment |
| คอมเมนท์ทรัพยากรรายการนี้ |
|
|